000 02091cam a22003255a 4500
001 L154346
008 151111s2011 xxk f 001 0 eng d
020 _a9781842197035
035 _a(Sirsi) u154346
041 0 _aeng
050 0 4 _a333.33 $2 18
110 2 _aRoyal Institution of Chartered Surveyors
_94900
240 _aBlue Book
245 0 0 _aBlue book
_bresidential property standards
_c[old edition]
250 _a5th ed.
260 _aCoventry
_bRICS
_c2011
300 _axxiv, 202p.
_bspiral bound
_c24cm.
490 0 _aRICS Guidance Note
490 0 _aRICS Blue Book
505 2 _aIntroduction -- Part I, the property standards board consumer charter for residential property transactions; introduction to the consumer charter charter;the core principles; The principle within the consumer charter; explanatory text supporting the principles; glossary of terms -- Part II, residential estate agency standards: ethics; securing instructions; acting for the seller, agreeing the sale; acting for the buyer; acting for the landlord- letting the property; acting for the landlord-managing the property; ending the instruction; safety and security; agency management; regulation and legislation -- Index.
520 _aSUPERSEDED BY 6th EDITION, ISBN 9781783212026, 11/09/2017.
520 _aSets out in a logical sequence how an agent should conduct his or her business, and helps to ensure compliance with the law, with official guidance, and with industry best practice. Contains a Code of Conduct for Estate Agents dealing with Residential Property and provides guidance to support this. Includes Tables of cases, statutes and statutory instruments. Interim updates will be published online and an updated print edition published annually.
520 _aTo be read in conjunction with Addenda June 2013 L157908 and July 2014 L154346
521 _aAdvanced
590 _aKA NTK
651 4 _aUnited Kingdom
690 _aPROPERTY-RESIDENTIAL PROPERTY-ACQUISITION AND DISPOSAL OF RESIDENTIAL PROPERTY
690 _aPROPERTY-PROPERTY AGENCY
942 _n0
_2ddc
999 _c112943
_d112943